000 01113nam a22002775i 4500
001 176968
003 ES-MaACL
005 20230906220225.0
008 110222s1963 sz abd |||| | spa d
080 _a71(8)
100 1 _aCalderón Alvarado, Luis.
_933606
245 1 0 _aProblemas de urbanización en América Latina /
_cpor Luis Calderón ; y la colaboración de Jaime Dorselaer y Arturo Calle.
260 _aFriburgo :
_bOficina Internacional de Investigaciones Sociales de Feres,
_c1963.
300 _a240 p. , [14] h. pleg. :
_bil. ;
_c22 cm.
490 1 _aEstudios sociológicos latino-americanos ;
_v13
500 _aÍndices.
650 4 _aUrbanización-
_zAmérica Latina.
_9167706
650 _aUrbanismo-
_zAmérica Latina.
_917694
650 4 _aSociología urbana-
_zAmérica Latina.
_9172484
700 1 _aDorselaer, Jaime.
_9145304
700 1 _aCalle, Arturo.
_9145310
710 2 _aOficina Internacional de Investigaciones Sociales.
_9172476
830 1 _aEstudios sociológicos latino-americanos ;
_v13
_9190305
852 _aES-MaACL
_jE-14391
_xOlim P-972-bis
999 _c176968
_d176968